LIBRARY ONLINE CATALOGUE

Access to knowledge in Africa : (Record no. 12183)

MARC details
000 -LEADER
fixed length control field 00709nam a22002172 4500
001 - CONTROL NUMBER
control field 0000021511
005 - DATE AND TIME OF LATEST TRANSACTION
control field 20151217155232.0
008 - FIXED-LENGTH DATA ELEMENTS--GENERAL INFORMATION
fixed length control field 120620s xx 000 0 eng d
020 ## - INTERNATIONAL STANDARD BOOK NUMBER
International Standard Book Number 1919895451 :
040 ## - CATALOGING SOURCE
Original cataloging agency KABU
Transcribing agency KABU
245 10 - TITLE STATEMENT
Title Access to knowledge in Africa :
Remainder of title the role of copyright /
Statement of responsibility, etc. editors: C. Armstrong ... [et al.].
250 ## - EDITION STATEMENT
Edition statement 1st ed.
260 ## - PUBLICATION, DISTRIBUTION, ETC. (IMPRINT)
Place of publication, distribution, etc. Witwatersrand, South Africa :
Name of publisher, distributor, etc. IDRC,
Date of publication, distribution, etc. 2010.
300 ## - PHYSICAL DESCRIPTION
Extent xvii, 366 p.
650 #0 - SUBJECT ADDED ENTRY--TOPICAL TERM
Topical term or geographic name as entry element Education Africa (Organization)
-- 0000182414
650 #0 - SUBJECT ADDED ENTRY--TOPICAL TERM
Topical term or geographic name as entry element Copyright
Geographic subdivision Africa.
-- 0000182415
650 #0 - SUBJECT ADDED ENTRY--TOPICAL TERM
Topical term or geographic name as entry element Intellectual property
Geographic subdivision Africa.
-- 0000182416
908 ## - PUT COMMAND PARAMETER (RLIN)
Put command parameter 120620
950 ## - LOCAL HOLDINGS (RLIN)
-- 1
Holdings
Withdrawn status Lost status Source of classification or shelving scheme Not for loan Home library Current library Date acquired Total Checkouts Full call number Barcode Date last seen Price effective from Koha item type Date last checked out
    Library of Congress Classification   Kabarak, Main Campus Kabarak, Main Campus 17/12/2015   KQC371 .A23 2010 c. 2 013331 17/12/2015 17/12/2015 General Collection  
    Library of Congress Classification   Kabarak, Main Campus Kabarak, Main Campus 17/12/2015 1 KQC371 .A23 2010 c. 1 013330 09/06/2018 17/12/2015 Africana Collection 02/06/2018